Catálogo
 En Linea

Los cielos de la muerte : (Registro nro. 11950)

Detalles MARC
000 -CABECERA
campo de control de longitud fija 00572nam a2200169 a 4500
001 - NÚMERO DE CONTROL
campo de control 000012293
005 - FECHA Y HORA DE LA ÚLTIMA TRANSACCIÓN
campo de control 20200929162800.0
008 - DATOS DE LONGITUD FIJA--INFORMACIÓN GENERAL
campo de control de longitud fija 091110s1970 ve 001 j spa d
040 ## - FUENTE DE LA CATALOGACIÓN
Centro catalogador/agencia de origen DO-SdBNP
Lengua de catalogación spa
Centro/agencia transcriptor BNPHU
082 ## - NÚMERO DE LA CLASIFICACIÓN DECIMAL DEWEY
Número de clasificación V863.44
Número de documento/Ítem A727c
100 1# - ENTRADA PRINCIPAL--NOMBRE DE PERSONA
Nombre de persona Armas Alfonzo, Alfredo,
Fechas asociadas al nombre 1921-1990.
9 (RLIN) 24391
245 14 - MENCIÓN DE TÍTULO
Título Los cielos de la muerte :
Resto del título cuentos escogidos, 1949-1969 /
Mención de responsabilidad, etc. Alfredo Armas Alfonzo.
260 ## - PUBLICACIÓN, DISTRIBUCIÓN, ETC.
Lugar de publicación, distribución, etc. Caracas, Venezuela :
Nombre del editor, distribuidor, etc. Monte Ávila,
Fecha de publicación, distribución, etc. 1970.
300 ## - DESCRIPCIÓN FÍSICA
Extensión 328 p. ;
Dimensiones 18 cm.
650 #4 - PUNTO DE ACCESO ADICIONAL DE MATERIA--TÉRMINO DE MATERIA
Término de materia o nombre geográfico como elemento de entrada Cuentos venezolanos
9 (RLIN) 3815
650 #4 - PUNTO DE ACCESO ADICIONAL DE MATERIA--TÉRMINO DE MATERIA
Término de materia o nombre geográfico como elemento de entrada Literatura venezolana
Subdivisión cronológica SIGLO XX
9 (RLIN) 9777
Existencias
Estado de retiro Estado de pérdida Restricciones de uso No para préstamo Código de colección Localización permanente Ubicación/localización actual Ubicación en estantería Fecha de adquisición Número de inventario Total de préstamos Signatura topográfica completa Código de barras Fecha visto por última vez Precio válido a partir de Tipo de ítem Koha Número de copia
      Excluido de préstamo Monografías: Libros y Folletos General General Depósito 10.11.2009 LF1   V863.44 A727c 12293-10 25.06.2020 25.06.2020 No se presta  
      Excluido de préstamo Monografías: Libros y Folletos General General Depósito 21.02.2011 LF1   V863.44 A727c 12293-20 25.06.2020 25.06.2020 No se presta e. 2
  Extraviado     Monografías: Libros y Folletos General General Extraviado 26.05.2017 LF1   V863.44 A727c 12293-30 25.06.2020 25.06.2020 Préstamo en sala e. 3

Con tecnología Koha